000 00300nam a22001337a 4500
008 170530b xxu||||| |||| 00| 0 eng d
020 _a9780534514334
041 _aeng
080 _25TH
_a93
100 _a17
101 _aSHH
245 _aRACE AND ETHNIC RELATIONS
_cMARGER, M.N
942 _2udc
_cBK
999 _c15068
_d15068